000 00442 a2200157 4500
003 NUST
005 20230304143503.0
040 _cNust
082 _a891.439,DUR
100 _aDurrani, Dr Atsh
_9109750
245 _aUrdu Istilahat-e-Sazi / اردو اصطلاحات سازی (Urdu) /
_cDr Atsh Durrani
260 _aIslamabad
_bAnjumen-e- Sharqya
_c1993
300 _a579 p.;
650 _aUrdu Adab
_977031
942 _2ddc
_cBK
_k891.439,DUR
999 _c187980
_d187980